[Event "LAT-ch"]
[Site "Riga"]
[Date "2017.05.05"]
[Round "8"]
[White "Avotins, Maigonis"]
[Black "Pavlovs, Sergejs"]
[Result "1-0"]
[WhiteElo "1972"]
[BlackElo "2077"]
[PlyCount "43"]
[EventDate "2017.04.30"]
[EventType "swiss"]
[EventRounds "9"]
[EventCountry "LAT"]
[SourceTitle "CBM 178 Extra"]
[Source "ChessBase"]
[SourceDate "2017.06.22"]
[SourceVersion "1"]
[SourceVersionDate "2017.06.22"]
[SourceQuality "1"]

1. e4 d5 2. exd5 Qxd5 3. Nc3 Qa5 4. d4 Nf6 5. Be2 Nc6 6. Nf3 Bg4 7. Bd2 0-0-0 8. Ng5 Be6 9. Nxe6 fxe6 10. Nb5 Qb6 11. c3 a6 12. Na3 e5 13. Nc4 Qa7 14. Bg4+ Kb8 15. Nxe5 Nxe5 16. dxe5 Ne4 17. Be3 Rxd1+ 18. Rxd1 b6 19. Rd8+ Kb7 20. Bf3 Kc6 21. Bxe4+ Kb5 22. Ra8 1-0

[Event "LAT-ch"]
[Site "Riga"]
[Date "2017.05.01"]
[Round "2"]
[White "Miezis, Normunds"]
[Black "Pavlovs, Sergejs"]
[Result "1-0"]
[WhiteElo "2468"]
[BlackElo "2077"]
[PlyCount "43"]
[EventDate "2017.04.30"]
[EventType "swiss"]
[EventRounds "9"]
[EventCountry "LAT"]
[SourceTitle "CBM 178 Extra"]
[Source "ChessBase"]
[SourceDate "2017.06.22"]
[SourceVersion "1"]
[SourceVersionDate "2017.06.22"]
[SourceQuality "1"]

1. c4 e6 2. e4 d5 3. exd5 exd5 4. cxd5 Nf6 5. Nc3 Nxd5 6. Nf3 Be7 7. d4 0-0 8. Bd3 Bg4 9. Be4 Be6 10. 0-0 c6 11. Re1 Nf6 12. Bc2 Na6 13. a3 Nc7 14. Bf4 Ncd5 15. Be5 Qd7 16. Bg3 Bg4 17. Qd3 Rfe8 18. Ne5 Qc8 19. Nxd5 cxd5 20. Nxg4 Qxg4 21. Ba4 Nd7 22. h3 1-0